000 00249nam a2200109Ia 4500
001 587426
005 20250717113816.0
008 250717s9999 xx 000 0 und d
245 0 _aX-5 SU
_cKOMİSYON
260 _bMARTI YAYINLARI
_c2017
300 _b18
999 _c587426
_d587426